Statistiques concernant Républiques soviétiques par drapeau

Cliquez ici pour prendre le quiz!

Statistiques générales

  • Ce quiz a été pris 44 fois
  • Le résultat moyen est 4 sur 15

Statistiques - réponses

Réponse% Correct
Biélorussie
98%
Arménie
43%
Géorgie
30%
Kazakhstan
28%
Russie
28%
Ukraine
28%
Azerbaïdjan
23%
Estonie
23%
Lituanie
20%
Ouzbékistan
20%
Turkménistan
20%
Moldavie
18%
Tadjikistan
18%
Lettonie
15%
Kirghizie
10%

Distribution des résultats

Percentile par nombre de réponses

% des personnes avec chaque résultat

Votre développement - résultats

Vous n’avez pas pris ce quiz